COMMUNITY NURSING RESEARCH (Record no. 2535)
[ view plain ]
| 000 -LEADER | |
|---|---|
| fixed length control field | 00349nam a2200133Ia 4500 |
| 008 - FIXED-LENGTH DATA ELEMENTS--GENERAL INFORMATION | |
| fixed length control field | 220530s9999 xx 000 0 und d |
| 100 ## - MAIN ENTRY--PERSONAL NAME | |
| Personal name | AVRAMAN |
| 9 (RLIN) | 61317 |
| 245 ## - TITLE STATEMENT | |
| Title | COMMUNITY NURSING RESEARCH |
| 250 ## - EDITION STATEMENT | |
| Edition statement | FIRST |
| 260 ## - PUBLICATION, DISTRIBUTION, ETC. (IMPRINT) | |
| Place of publication, distribution, etc. | CHENNAI |
| Name of publisher, distributor, etc. | OMAYAL ACHI COLLEGE OF NURSING AVADI CHENNAI |
| Date of publication, distribution, etc. | 2004 |
| 300 ## - PHYSICAL DESCRIPTION | |
| Extent | 23 |
| 650 ## - SUBJECT ADDED ENTRY--TOPICAL TERM | |
| Topical term or geographic name as entry element | RESEARCH |
| 9 (RLIN) | 61318 |
| Withdrawn status | Lost status | Damaged status | Not for loan | Home library | Current library | Date acquired | Vendor | Cost, normal purchase price | Total Checkouts | Barcode | Date last seen | Bill Date | Koha item type | Original Barcode |
|---|---|---|---|---|---|---|---|---|---|---|---|---|---|---|
| Sitabai Nargundkar College of Nursing Nagpur | Sitabai Nargundkar College of Nursing Nagpur | 15/11/2016 | TEXTBOOK PURCHASE OMAYA ACCH CHANNI | 100.00 | SNCN-BK-1777 | 05/05/2023 | 31/05/2022 | Books | 1777 |